[Event "37th Reykjavik op"]
[Site "Reykjavik ISL"]
[Date "2024.03.19"]
[Round "7.32"]
[White "Krassel, Timofei"]
[Black "Lu, Maximillian"]
[WhiteElo "2035"]
[BlackElo "2375"]
[Result "0-1"]
[EventDate "2024.03.15"]
[PlyCount "122"]

1. e4 {[%eval 13,0]} c5 {[%eval 33,0]} 2. Nf3 {[%eval 22,0]} d6 {[%eval 0,0]}
3. Bb5+ {[%eval 12,0]} Nd7 {[%eval 17,0]} 4. d4 {[%eval 17,0]} cxd4 {[%eval 19,
0]} 5. Qxd4 {[%eval 21,0]} Ngf6 {[%eval 39,0]} 6. Nc3 {[%eval 19,0]} g6 $6 {
[%eval 75,0] Inaccuracy. e5 was best.} (6... e5 7. Qd3 h6 8. Bxd7+ Bxd7 9. Nd2
Rc8 10. O-O Qc7 11. a4) 7. Bg5 {[%eval 137,0]} Bg7 {[%eval 108,0]} 8. Qd2 $4 {
[%eval 14,0] Blunder. O-O-O was best.} (8. O-O-O O-O 9. e5 Nxe5 10. Nxe5 Ng4
11. Nxg4 Bxd4 12. Rxd4 a6) 8... h6 {[%eval 0,0]} 9. Bxf6 {[%eval 2,0]} Bxf6 {
[%eval 1,0]} 10. e5 {[%eval 12,0]} dxe5 {[%eval 0,0]} 11. O-O-O {[%eval 0,0]}
a6 {[%eval 0,0]} 12. Bxd7+ {[%eval 12,0]} Bxd7 {[%eval 0,0]} 13. Qe3 {[%eval 0,
0]} Qa5 {[%eval 0,0]} 14. Rd5 {[%eval 0,0]} b5 {[%eval 25,0]} 15. Nxe5 {
[%eval 0,0]} Be6 {[%eval 0,0]} 16. Rc5 {[%eval 0,0]} O-O {[%eval 0,0]} 17. f4
$2 {[%eval -37,0] Mistake. Nxg6 was best.} (17. Nxg6 Rfc8 18. Re1 Rxc5 19. Qxc5
Kh7 20. Nf4 Rc8 21. Qh5 Bg5 22. Rxe6 Bxf4+ 23. Kb1 fxe6) 17... Rac8 {[%eval
-23,0]} 18. a3 {[%eval -36,0]} Rxc5 {[%eval -94,0]} 19. Qxc5 {[%eval -37,0]}
Rc8 {[%eval -46,0]} 20. Qd4 {[%eval -94,0]} Rd8 {[%eval -56,0]} 21. Qc5 {
[%eval -64,0]} Rc8 {[%eval -47,0]} 22. Qd4 {[%eval -44,0]} Qc7 {[%eval -47,0]}
23. Rd1 {[%eval -44,0]} a5 {[%eval -56,0]} 24. Rd2 {[%eval -94,0]} b4 {[%eval
-55,0]} 25. axb4 {[%eval -45,0]} axb4 {[%eval -58,0]} 26. Qxb4 {[%eval -49,0]}
Qa7 {[%eval -47,0]} 27. b3 {[%eval -53,0]} Qe3 {[%eval -99,0]} 28. Nd1 {
[%eval 97,0]} Qa7 {[%eval -97,0]} 29. Nc3 {[%eval -56,0]} Bxe5 {[%eval -43,0]}
30. fxe5 {[%eval -58,0]} Qe3 {[%eval -47,0]} 31. Nd1 {[%eval -47,0]} Qxe5 {
[%eval -49,0]} 32. Kb1 {[%eval -54,0]} Bf5 $2 {[%eval 31,0] Mistake. Rb8 was
best.} (32... Rb8 33. Qa3 Bf5 34. Kc1 Rc8 35. Qb2 Qe4 36. Nc3 Qe6 37. Nd1 h5
38. c4 Rb8 39. g3) 33. g4 {[%eval 35,0]} Be4 {[%eval 41,0]} 34. Re2 {[%eval 58,
0]} f5 {[%eval 32,0]} 35. gxf5 {[%eval 37,0]} gxf5 {[%eval 53,0]} 36. h4 $6 {
[%eval -87,0] Inaccuracy. Nf2 was best.} (36. Nf2) 36... Qc7 {[%eval -89,0]}
37. Ne3 $2 {[%eval -129,0] Mistake. Qd2 was best.} (37. Qd2 Qb6) 37... Rb8 {
[%eval -122,0]} 38. Qa4 {[%eval -119,0]} Qc3 {[%eval -144,0]} 39. Kc1 {[%eval
-117,0]} Rc8 {[%eval -135,0]} 40. Qa6 {[%eval -295,0]} Rc6 $6 {[%eval -92,0]
Inaccuracy. Kf7 was best.} (40... Kf7 41. h5 f4 42. Ng4 f3 43. Qxc8 Qxc8 44.
Rxe4 Ke8 45. Kd2 Qc5 46. b4 Qg1 47. Rf4) 41. Qa7 $6 {[%eval -300,0] Inaccuracy.
Qa2 was best.} (41. Qa2 Bf3 42. Nxf5 Bxe2 43. Nxe7+ Kf7 44. Nxc6 Qxc6 45. c4
Bf3 46. Qc2 Qf6 47. Qh7+ Kf8) 41... Rc7 $6 {[%eval -23,0] Inaccuracy. Rc8 was
best.} (41... Rc8 42. Qa4 Kf8 43. Qa6 Kf7 44. h5 f4 45. Ng4 f3 46. Qxc8 Qxc8
47. Rxe4 Ke8 48. Rc4) 42. Qa6 {[%eval -34,0]} Rc6 {[%eval -33,0]} 43. Qa7 $6 {
[%eval -105,0] Inaccuracy. Qa2 was best.} (43. Qa2 Rg6) 43... Rg6 $4 {[%eval
38,0] Blunder. Rc8 was best.} (43... Rc8) 44. Nd1 {[%eval 37,0]} Qe5 {[%eval
39,0]} 45. h5 {[%eval 35,0]} Rg3 {[%eval 4,0]} 46. Qb6 $6 {[%eval -93,0]
Inaccuracy. Nf2 was best.} (46. Nf2) 46... Kf7 {[%eval -74,0]} 47. c3 $6 {
[%eval -199,0] Inaccuracy. Qa7 was best.} (47. Qa7) 47... Qf6 {[%eval -45,0]}
48. Qc5 $6 {[%eval -123,0] Inaccuracy. Qc7 was best.} (48. Qc7 Rd3 49. Qc4+ Kf8
50. Qc8+ Kg7 51. Qc5 Qg5+ 52. Ne3 Kf6 53. Kb2 Qxh5 54. Rf2 Qg5) 48... Qa6 {
[%eval -143,0]} 49. Rxe4 $6 {[%eval -271,0] Inaccuracy. Qc4+ was best.} (49.
Qc4+ Qxc4 50. bxc4 Bf3 51. Rf2 e5 52. c5 f4 53. Nb2 Ke6 54. Rd2 Be4 55. Nd1 Rd3
) 49... fxe4 {[%eval -295,0]} 50. Qf5+ {[%eval -248,0]} Qf6 {[%eval -263,0]}
51. Qxe4 {[%eval -274,0]} Qg5+ {[%eval -285,0]} 52. Kb1 {[%eval -208,0]} Rg1 {
[%eval -281,0]} 53. Qh7+ {[%eval -400,0]} Kf6 {[%eval -214,0]} 54. Qh8+ {
[%eval -217,0]} Ke6 {[%eval -213,0]} 55. Qc8+ {[%eval -212,0]} Kf7 {[%eval
-219,0]} 56. Qc4+ {[%eval -222,0]} Kf8 {[%eval -232,0]} 57. Kc2 $2 {[%eval
-687,0] Mistake. Qd4 was best.} (57. Qd4 Qg4 58. Qxg4 Rxg4 59. Kc2 Rh4 60. Kd3
Rxh5 61. Ke4 Rg5 62. Kf4 Rg1 63. Nf2 Ke8) 57... Qg2+ {[%eval -506,0]} 58. Kc1 {
[%eval -536,0]} Qg5+ {[%eval -538,0]} 59. Kc2 {[%eval -553,0]} Rg2+ {[%eval
-595,0]} 60. Kb1 {[%eval -600,0]} Qf5+ {[%eval -441,0]} 61. Ka1 {[%eval -458,0]
} Qa5+ {[%eval -305,0]} 0-1

[Event "37th Reykjavik op"]
[Site "Reykjavik ISL"]
[Date "2024.03.19"]
[Round "7.33"]
[White "Jacobsen, Mikkel Manosri"]
[Black "Beisteiner, Joachim"]
[WhiteElo "2367"]
[BlackElo "2079"]
[Result "1-0"]
[EventDate "2024.03.15"]
[PlyCount "95"]

1. c4 {[%eval 16,0]} e6 {[%eval 18,0]} 2. g3 {[%eval 39,0]} d5 {[%eval 33,0]}
3. Bg2 {[%eval 13,0]} Nf6 {[%eval 25,0]} 4. Nf3 {[%eval 22,0]} Be7 {[%eval 31,
0]} 5. b3 {[%eval 36,0]} d4 {[%eval 0,0]} 6. O-O {[%eval 12,0]} O-O {[%eval 0,
0]} 7. e3 {[%eval 0,0]} c5 {[%eval 23,0]} 8. Ne5 {[%eval 1,0]} Nfd7 {[%eval 16,
0]} 9. exd4 {[%eval 13,0]} cxd4 {[%eval 11,0]} 10. Nxd7 {[%eval 9,0]} Qxd7 {
[%eval 26,0]} 11. d3 {[%eval 28,0]} Nc6 {[%eval 28,0]} 12. Ba3 {[%eval 27,0]}
a5 {[%eval 39,0]} 13. Re1 {[%eval 27,0]} Rd8 {[%eval 32,0]} 14. Bxe7 {[%eval
25,0]} Qxe7 {[%eval 28,0]} 15. a3 {[%eval 29,0]} Bd7 {[%eval 31,0]} 16. Nd2 {
[%eval 29,0]} Be8 {[%eval 51,0]} 17. Qg4 {[%eval 25,0]} Rab8 {[%eval 34,0]} 18.
h4 {[%eval 16,0]} h6 {[%eval 18,0]} 19. Qh5 {[%eval 13,0]} b6 {[%eval 17,0]}
20. Rec1 {[%eval 9,0]} Rbc8 {[%eval 17,0]} 21. Qe2 {[%eval 23,0]} Nb8 {[%eval
17,0]} 22. b4 {[%eval 19,0]} Na6 $6 {[%eval 71,0] Inaccuracy. axb4 was best.} (
22... axb4) 23. c5 {[%eval 71,0]} bxc5 {[%eval 71,0]} 24. bxa5 {[%eval 62,0]}
Bc6 $6 {[%eval 166,0] Inaccuracy. Nc7 was best.} (24... Nc7) 25. Bxc6 {[%eval
106,0]} Rxc6 {[%eval 152,0]} 26. Rab1 {[%eval 165,0]} Qa7 {[%eval 161,0]} 27.
Nc4 {[%eval 166,0]} Rcc8 {[%eval 207,0]} 28. Rb6 {[%eval 209,0]} Rc7 {[%eval
206,0]} 29. Rcb1 {[%eval 203,0]} Qa8 {[%eval 204,0]} 30. Qe5 {[%eval 185,0]}
Ra7 {[%eval 209,0]} 31. Rd6 {[%eval 200,0]} Rxd6 {[%eval 203,0]} 32. Qxd6 {
[%eval 238,0]} Qd5 {[%eval 277,0]} 33. Qf4 $6 {[%eval 191,0] Inaccuracy. Rb8+
was best.} (33. Rb8+) 33... Qf5 {[%eval 247,0]} 34. Qxf5 {[%eval 238,0]} exf5 {
[%eval 204,0]} 35. Rb6 {[%eval 212,0]} h5 {[%eval 259,0]} 36. Rc6 {[%eval 271,
0]} g6 {[%eval 272,0]} 37. Kg2 {[%eval 266,0]} Kf8 {[%eval 262,0]} 38. Kf3 {
[%eval 266,0]} Ke7 {[%eval 267,0]} 39. Kf4 {[%eval 263,0]} Nc7 $6 {[%eval 356,
0] Inaccuracy. Nb8 was best.} (39... Nb8 40. Rxc5 Na6 41. Re5+ Kf6 42. Rb5 Nc7
43. Rb6+ Ne6+ 44. Kf3 Kg7 45. Rc6 Nd8 46. Rd6) 40. Ke5 {[%eval 348,0]} Ne6 {
[%eval 343,0]} 41. Kd5 {[%eval 303,0]} Ra8 {[%eval 358,0]} 42. Rb6 {[%eval 359,
0]} Ra7 {[%eval 435,0]} 43. Ne5 {[%eval 423,0]} Ra8 $6 {[%eval 536,0]
Inaccuracy. Nc7+ was best.} (43... Nc7+ 44. Kc4 Ra8 45. f4 Ke8 46. Nc6 Kd7 47.
Kxc5 Ne6+ 48. Kb4 Nc7 49. Kc4 Kc8 50. Kxd4) 44. Rb7+ {[%eval 539,0]} Ke8 {
[%eval 503,0]} 45. Nxf7 {[%eval 506,0]} Nd8 {[%eval 532,0]} 46. Nd6+ {[%eval
542,0]} Kf8 {[%eval 526,0]} 47. Rd7 {[%eval 535,0]} Kg8 {[%eval 558,0]} 48. a6
{[%eval 552,0]} 1-0

[Event "37th Reykjavik op"]
[Site "Reykjavik ISL"]
[Date "2024.03.19"]
[Round "7.34"]
[White "Ruiz Buendia, Miguel"]
[Black "Manucharyan, Andriy"]
[WhiteElo "2366"]
[BlackElo "2080"]
[Result "1-0"]
[EventDate "2024.03.15"]
[PlyCount "65"]

1. e4 {[%eval 13,0]} e6 {[%eval 0,0]} 2. d4 {[%eval 41,0]} d5 {[%eval 21,0]} 3.
Nc3 {[%eval 0,0]} Bb4 $6 {[%eval 59,0] Inaccuracy. Nf6 was best.} (3... Nf6 4.
e5 Nfd7 5. f4 c5 6. Nf3 Nc6 7. Be3 cxd4 8. Nxd4) 4. e5 {[%eval 13,0]} Ne7 {
[%eval 28,0]} 5. a3 {[%eval 76,0]} Bxc3+ {[%eval 79,0]} 6. bxc3 {[%eval 71,0]}
c5 {[%eval 66,0]} 7. Qg4 {[%eval 29,0]} cxd4 {[%eval 65,0]} 8. Bd3 {[%eval 63,
0]} Qa5 {[%eval 46,0]} 9. Ne2 {[%eval 44,0]} O-O {[%eval 41,0]} 10. Bg5 {
[%eval 48,0]} Ng6 {[%eval 21,0]} 11. f4 {[%eval 0,0]} Nd7 {[%eval 0,0]} 12. O-O
{[%eval 36,0]} dxc3 {[%eval 41,0]} 13. Rf3 $6 {[%eval -99,0] Inaccuracy. h4
was best.} (13. h4 f5) 13... f5 {[%eval -89,0]} 14. Qh5 $6 {[%eval -92,0]
Inaccuracy. exf6 was best.} (14. exf6 Nxf6 15. Bxf6 Rxf6 16. Qh5 Nf8 17. Qe5
Bd7 18. Qxc3 Qxc3 19. Nxc3 Be8 20. Rf2 Rc8) 14... Rf7 {[%eval -19,0]} 15. g4 {
[%eval -11,0]} Nc5 {[%eval -3,0]} 16. gxf5 {[%eval -194,0]} exf5 {[%eval -195,
0]} 17. Kh1 {[%eval -169,0]} Be6 {[%eval -182,0]} 18. Nd4 {[%eval -191,0]} Qb6
{[%eval -172,0]} 19. Rg1 {[%eval -165,0]} Ne4 {[%eval -164,0]} 20. Nxe6 {
[%eval -161,0]} Qxe6 {[%eval -196,0]} 21. Bxe4 {[%eval -147,0]} dxe4 {[%eval
-153,0]} 22. Rh3 {[%eval -148,0]} Nf8 {[%eval -173,0]} 23. Bf6 {[%eval -121,0]}
Rc7 $4 {[%eval 0,0] Blunder. Qc6 was best.} (23... Qc6 24. Re3 Ng6 25. Bg5 Rc8
26. Rh3 Nf8 27. Re3 Ne6 28. Bf6 Nxf4 29. Qxf5 Ng6 30. Rxg6) 24. Rhg3 {[%eval 2,
0]} g6 {[%eval 4,0]} 25. Qh6 {[%eval 7,0]} Rac8 {[%eval 7,0]} 26. h4 {[%eval 5,
0]} Kf7 {[%eval 12,0]} 27. Bg7 {[%eval 1,0]} e3 $2 {[%eval 154,0] Mistake. Kg8
was best.} (27... Kg8) 28. Rxe3 $4 {[%eval 69,0] Blunder. Bxf8 was best.} (28.
Bxf8) 28... Qd5+ {[%eval 75,0]} 29. Rg2 {[%eval 96,0]} Qd1+ $4 {[%eval 99,0]
Blunder. Ne6 was best.} (29... Ne6 30. Qxh7 Nxf4 31. Reg3 Ke6 32. Rxg6+ Nxg6
33. Qxg6+ Kd7 34. Qxf5+ Kc6 35. Kh2 Kb5 36. h5) 30. Kh2 {[%eval 107,0]} Ne6 $2
{[%eval 293,0] Mistake. Qh5 was best.} (30... Qh5 31. Bxf8 Rxf8 32. Qxh5 gxh5
33. Rg5 Ke6 34. Rd3 Rd7 35. Rxd7 Kxd7 36. Rxh5 Rf7 37. Kg3) 31. Qxh7 {[%eval
264,0]} Nxg7 $4 {[%eval 32724,0] Checkmate is now unavoidable. Qh5 was best.} (
31... Qh5 32. Bh6+) 32. e6+ {[%eval 32720,0]} Ke8 {[%eval 1067,0]} 33. Qg8+ {
[%eval 787,0]} 1-0

[Event "37th Reykjavik op"]
[Site "Reykjavik ISL"]
[Date "2024.03.19"]
[Round "7.35"]
[White "Bjorn, Thorfinnsson"]
[Black "Schroer, Marcel"]
[WhiteElo "2353"]
[BlackElo "2073"]
[Result "1-0"]
[EventDate "2024.03.15"]
[PlyCount "80"]

1. d4 {[%eval 15,0]} d5 {[%eval 25,0]} 2. Nf3 {[%eval 1,0]} Nf6 {[%eval 24,0]}
3. Bg5 {[%eval 7,0]} Ne4 {[%eval 7,0]} 4. Bf4 {[%eval 23,0]} c5 {[%eval 7,0]}
5. e3 {[%eval 16,0]} cxd4 {[%eval 0,0]} 6. exd4 {[%eval 0,0]} Qb6 {[%eval 47,0]
} 7. Nc3 {[%eval 49,0]} Qa5 {[%eval 4,0]} 8. Bd3 {[%eval 46,0]} Nxc3 {[%eval
48,0]} 9. bxc3 {[%eval 47,0]} Qxc3+ {[%eval 49,0]} 10. Bd2 {[%eval 44,0]} Qc7 {
[%eval 49,0]} 11. O-O {[%eval 46,0]} e6 {[%eval 63,0]} 12. c4 {[%eval 71,0]}
Nc6 $6 {[%eval 154,0] Inaccuracy. Be7 was best.} (12... Be7 13. Rc1 Nc6 14. Re1
O-O 15. h4 Qd8 16. Ng5 Bxg5 17. hxg5 g6 18. cxd5 exd5 19. Qf3) 13. cxd5 {
[%eval 147,0]} exd5 {[%eval 141,0]} 14. Rc1 $6 {[%eval 53,0] Inaccuracy. Ng5
was best.} (14. Ng5 Be7 15. Qh5 Bxg5 16. Bxg5 Kf8 17. Rae1 Bd7 18. Re3 Re8 19.
Rf3 Be6 20. Bc1 Qd6) 14... Be7 {[%eval 51,0]} 15. Ne5 {[%eval 56,0]} O-O {
[%eval 57,0]} 16. Re1 {[%eval 52,0]} Bd6 $6 {[%eval 117,0] Inaccuracy. Be6 was
best.} (16... Be6 17. Bf4 Bd6 18. Re3 g6 19. h4 Rac8 20. Rg3 Qb8 21. Nxg6 fxg6
22. Bxg6 Bxf4 23. Qh5) 17. Qc2 $6 {[%eval 13,0] Inaccuracy. Qh5 was best.} (17.
Qh5 g6 18. Qh6 Ba3 19. Rc3 Bb4 20. Rxc6 Bxd2 21. Qxf8+ Kxf8 22. Rxc7 Bxe1 23.
Rxf7+ Kg8) 17... h6 {[%eval 15,0]} 18. Nxc6 {[%eval 29,0]} bxc6 {[%eval 25,0]}
19. Qxc6 {[%eval 21,0]} Bxh2+ {[%eval 21,0]} 20. Kh1 {[%eval 31,0]} Qxc6 {
[%eval 29,0]} 21. Rxc6 {[%eval 6,0]} Bb7 {[%eval 4,0]} 22. Rec1 {[%eval 14,0]}
Bb8 {[%eval 21,0]} 23. Ba6 {[%eval 4,0]} Bxa6 $6 {[%eval 71,0] Inaccuracy.
Bxc6 was best.} (23... Bxc6 24. Rxc6) 24. Rxa6 {[%eval 76,0]} Rd8 {[%eval 113,
0]} 25. Rcc6 {[%eval 106,0]} Kh7 {[%eval 104,0]} 26. g3 {[%eval 147,0]} f6 {
[%eval 104,0]} 27. Ba5 {[%eval 145,0]} Re8 {[%eval 128,0]} 28. Re6 $6 {[%eval
64,0] Inaccuracy. Kg2 was best.} (28. Kg2) 28... Rf8 {[%eval 103,0]} 29. Re7 {
[%eval 59,0]} Kg6 {[%eval 68,0]} 30. Rc6 {[%eval 22,0]} h5 {[%eval 48,0]} 31.
Kg2 {[%eval 21,0]} h4 $6 {[%eval 108,0] Inaccuracy. a6 was best.} (31... a6)
32. Bb4 $6 {[%eval 12,0] Inaccuracy. gxh4 was best.} (32. gxh4 Rh8 33. h5+ Rxh5
34. Re8 Rh2+ 35. Kf1 Rh1+ 36. Ke2 Rb1 37. Bc3 a5 38. Rcc8 Kf5) 32... hxg3 {
[%eval 21,0]} 33. fxg3 {[%eval 17,0]} Rd8 {[%eval 16,0]} 34. Bc5 {[%eval 2,0]}
Kh6 {[%eval 53,0]} 35. a4 {[%eval 66,0]} Kg6 $2 {[%eval 203,0] Mistake. a5 was
best.} (35... a5 36. Kf3) 36. a5 {[%eval 224,0]} a6 {[%eval 226,0]} 37. Rce6 $2
{[%eval 101,0] Mistake. Bb6 was best.} (37. Bb6 Rh8 38. Rd7 Re8 39. Kf3 Kh6 40.
Rxd5 Kh7 41. Bc5 Kg6 42. Rd7 Bxg3 43. Kxg3 Re3+) 37... Kh6 $4 {[%eval 293,0]
Blunder. Kf5 was best.} (37... Kf5 38. Kf3 g5 39. g4+ Kg6 40. Rb7 Bf4 41. Be7
Rdb8 42. Rxf6+ Kg7 43. Rxb8 Rxb8 44. Rxa6) 38. Kf3 {[%eval 286,0]} Kg6 {
[%eval 204,0]} 39. Kg4 {[%eval 224,0]} Rf8 $2 {[%eval 444,0] Mistake. Rc8 was
best.} (39... Rc8 40. Re8) 40. Re8 {[%eval 412,0]} Kf7 $6 {[%eval 623,0]
Inaccuracy. Rxe8 was best.} (40... Rxe8 41. Rxe8 f5+ 42. Kf3 Kf7 43. Rd8 g5 44.
Bd6 g4+ 45. Kf2 Bxd6 46. Rxa8 f4 47. Rxa6) 1-0

[Event "37th Reykjavik op"]
[Site "Reykjavik ISL"]
[Date "2024.03.19"]
[Round "7.36"]
[White "Risting, Eivind Olav"]
[Black "Gudmundsson, Gunnar Erik"]
[WhiteElo "2336"]
[BlackElo "2009"]
[Result "1-0"]
[EventDate "2024.03.15"]
[PlyCount "119"]

1. Nf3 {[%eval 2,0]} Nf6 {[%eval 29,0]} 2. c4 {[%eval 22,0]} e6 {[%eval 22,0]}
3. Nc3 {[%eval 31,0]} d5 {[%eval 19,0]} 4. d4 {[%eval 0,0]} Bb4 {[%eval 18,0]}
5. cxd5 {[%eval 14,0]} exd5 {[%eval 0,0]} 6. Bf4 {[%eval 0,0]} O-O {[%eval 12,
0]} 7. e3 {[%eval 17,0]} c6 {[%eval 54,0]} 8. Bd3 {[%eval 44,0]} Re8 {[%eval
51,0]} 9. h3 {[%eval 34,0]} a5 {[%eval 57,0]} 10. Qc2 {[%eval 6,0]} h6 {
[%eval 54,0]} 11. O-O {[%eval 58,0]} Bd6 {[%eval 66,0]} 12. Bxd6 {[%eval 58,0]}
Qxd6 {[%eval 58,0]} 13. a3 {[%eval 55,0]} Nbd7 {[%eval 51,0]} 14. Rab1 {
[%eval 43,0]} Qe7 {[%eval 41,0]} 15. Nd2 {[%eval 44,0]} b5 {[%eval 54,0]} 16.
Rfe1 {[%eval 54,0]} Nb6 {[%eval 87,0]} 17. e4 {[%eval 91,0]} dxe4 {[%eval 82,0]
} 18. Ncxe4 {[%eval 87,0]} Bd7 {[%eval 87,0]} 19. Nf3 {[%eval 76,0]} Nxe4 {
[%eval 83,0]} 20. Bxe4 {[%eval 92,0]} Qd6 {[%eval 88,0]} 21. Ne5 {[%eval 93,0]}
Rac8 {[%eval 87,0]} 22. Rbc1 {[%eval 95,0]} g6 {[%eval 111,0]} 23. Qb3 {
[%eval 6,0]} Re6 $2 {[%eval 234,0] Mistake. Re7 was best.} (23... Re7) 24. Red1
$4 {[%eval 46,0] Blunder. Bxg6 was best.} (24. Bxg6 fxg6 25. Nxd7 Nd5 26. Rxe6
Qxe6 27. Ne5 a4 28. Qf3 Rf8 29. Qd3 Ne7 30. Qc3 Rc8) 24... Be8 {[%eval 86,0]}
25. Bf3 {[%eval 55,0]} a4 {[%eval 55,0]} 26. Qc3 {[%eval 47,0]} Nd5 {[%eval 55,
0]} 27. Qd2 {[%eval 66,0]} Kg7 $6 {[%eval 139,0] Inaccuracy. h5 was best.} (
27... h5 28. g4 f6 29. Nd3 Re7 30. Re1 Rxe1+ 31. Rxe1 hxg4 32. Bxg4 f5 33. Bf3
Bf7 34. Ne5) 28. Ng4 $6 {[%eval 34,0] Inaccuracy. Bg4 was best.} (28. Bg4 f5
29. Bf3 Rd8 30. Qa5 Rc8 31. Rc2 Nf4 32. Qc3 Nd5 33. Qd2 Rd8 34. Qc1 g5) 28...
h5 {[%eval 38,0]} 29. Bxd5 {[%eval 14,0]} Qxd5 {[%eval 9,0]} 30. Qh6+ {[%eval
0,0]} Kg8 {[%eval 0,0]} 31. Ne3 {[%eval 0,0]} Qd8 {[%eval 7,0]} 32. Qf4 {
[%eval 0,0]} Qd6 {[%eval 0,0]} 33. Qf3 {[%eval 0,0]} Rf6 {[%eval 1,0]} 34. Qe4
{[%eval 5,0]} Rd8 {[%eval 1,0]} 35. g3 {[%eval 43,0]} Bd7 {[%eval 52,0]} 36. h4
{[%eval 7,0]} Be6 $4 {[%eval 341,0] Blunder. Re8 was best.} (36... Re8 37. Qg2
Kh7 38. Rd2 Kg7 39. d5 c5 40. Rc3 Kh7 41. Kh2 c4 42. Qh1 Bg4 43. Nxg4) 37. Rxc6
{[%eval 353,0]} Qd7 {[%eval 365,0]} 38. d5 {[%eval 349,0]} Bf5 {[%eval 356,0]}
39. Qe5 {[%eval 329,0]} Rd6 {[%eval 337,0]} 40. Qf4 {[%eval 327,0]} Rxc6 $6 {
[%eval 452,0] Inaccuracy. Bh3 was best.} (40... Bh3 41. Kh2 Bf5 42. Nxf5 Qxf5
43. Qxf5 gxf5 44. Rxd6 Rxd6 45. Kg2 f4 46. gxf4 f5 47. Re1) 41. dxc6 {[%eval
405,0]} Qxd1+ {[%eval 437,0]} 42. Nxd1 {[%eval 432,0]} Rxd1+ {[%eval 447,0]}
43. Kh2 {[%eval 436,0]} Rd5 {[%eval 454,0]} 44. Qb4 {[%eval 423,0]} Be6 {
[%eval 487,0]} 45. c7 {[%eval 496,0]} Rf5 {[%eval 483,0]} 46. Qd4 {[%eval 461,
0]} Rf3 {[%eval 545,0]} 47. Kg2 {[%eval 525,0]} Rb3 {[%eval 589,0]} 48. Qd8+ {
[%eval 572,0]} Kh7 {[%eval 591,0]} 49. c8=Q {[%eval 509,0]} Bxc8 {[%eval 571,0]
} 50. Qxc8 {[%eval 592,0]} Kg7 {[%eval 629,0]} 51. Qc2 {[%eval 592,0]} Kg8 {
[%eval 598,0]} 52. Qd2 {[%eval 600,0]} Kg7 {[%eval 601,0]} 53. Qd4+ {[%eval
564,0]} Kg8 {[%eval 505,0]} 54. f3 {[%eval 551,0]} Kh7 {[%eval 536,0]} 55. g4 {
[%eval 488,0]} Kg8 $6 {[%eval 635,0] Inaccuracy. hxg4 was best.} (55... hxg4
56. fxg4 f5 57. gxf5 gxf5 58. Qd7+ Kg8 59. Qe8+ Kg7 60. Qe7+ Kg8 61. Qg5+ Kh8
62. Qxf5) 56. gxh5 {[%eval 639,0]} gxh5 {[%eval 625,0]} 57. Kg3 {[%eval 602,0]}
Kh7 {[%eval 606,0]} 58. Qf6 {[%eval 627,0]} Kg8 {[%eval 625,0]} 59. Qg5+ {
[%eval 614,0]} Kf8 {[%eval 594,0]} 60. Qxh5 1-0

[Event "37th Reykjavik op"]
[Site "Reykjavik ISL"]
[Date "2024.03.19"]
[Round "7.37"]
[White "Cieslak, Patryk"]
[Black "Shivika, Rohilla"]
[WhiteElo "2325"]
[BlackElo "2003"]
[Result "1-0"]
[EventDate "2024.03.15"]
[PlyCount "125"]

1. d4 {[%eval 15,0]} Nf6 {[%eval 16,0]} 2. c4 {[%eval 16,0]} e6 {[%eval 21,0]}
3. g3 {[%eval 14,0]} d5 {[%eval 16,0]} 4. Nf3 {[%eval 7,0]} Be7 {[%eval 22,0]}
5. Bg2 {[%eval 17,0]} O-O {[%eval 18,0]} 6. O-O {[%eval 3,0]} dxc4 {[%eval 31,
0]} 7. Qc2 {[%eval 32,0]} b5 {[%eval 41,0]} 8. a4 {[%eval 31,0]} Bb7 {[%eval
33,0]} 9. axb5 {[%eval 4,0]} a6 {[%eval 29,0]} 10. Nc3 {[%eval 23,0]} axb5 {
[%eval 25,0]} 11. Rxa8 {[%eval 22,0]} Bxa8 {[%eval 28,0]} 12. Nxb5 {[%eval 27,
0]} c5 {[%eval 43,0]} 13. dxc5 {[%eval 52,0]} Qa5 {[%eval 55,0]} 14. Nfd4 {
[%eval 4,0]} Bxg2 {[%eval 42,0]} 15. Kxg2 {[%eval 31,0]} Qa8+ {[%eval 56,0]}
16. Nf3 {[%eval 7,0]} Rc8 {[%eval 68,0]} 17. Nd6 {[%eval 44,0]} Bxd6 {[%eval
87,0]} 18. cxd6 {[%eval 89,0]} Qc6 {[%eval 9,0]} 19. Rd1 {[%eval 89,0]} Nd5 {
[%eval 122,0]} 20. Bd2 $6 {[%eval 65,0] Inaccuracy. Bf4 was best.} (20. Bf4)
20... Qxd6 {[%eval 69,0]} 21. e4 {[%eval 62,0]} Nb4 {[%eval 89,0]} 22. Bxb4 {
[%eval 100,0]} Qxb4 {[%eval 108,0]} 23. Rd4 {[%eval 93,0]} Qb5 {[%eval 108,0]}
24. Qc3 $6 {[%eval 2,0] Inaccuracy. Nd2 was best.} (24. Nd2 Nd7 25. Rxc4 Rxc4
26. Nxc4 Qc6 27. Qd3 h6 28. Nd2 Ne5 29. Qc3 Qb5 30. b3 f6) 24... Nd7 {[%eval 3,
0]} 25. b3 {[%eval 3,0]} Nb6 {[%eval 14,0]} 26. bxc4 {[%eval 5,0]} Qc5 $6 {
[%eval 95,0] Inaccuracy. Nxc4 was best.} (26... Nxc4 27. Nd2 Qa5 28. Qxa5 Nxa5
29. e5 Kf8 30. Ne4 Rc4 31. Rxc4 Nxc4 32. f4 Ke7 33. g4) 27. Ne5 {[%eval 83,0]}
h6 {[%eval 8,0]} 28. Nd3 {[%eval 8,0]} Qc7 $2 {[%eval 201,0] Mistake. Na4 was
best.} (28... Na4 29. Nxc5 Nxc3 30. Nd7 Ne2 31. Nb6 Nxd4 32. Nxc8 f6 33. Kh3 g6
34. Nd6 Kf8 35. e5) 29. c5 {[%eval 214,0]} Nd7 {[%eval 219,0]} 30. c6 {[%eval
221,0]} Nb6 {[%eval 232,0]} 31. Nb4 {[%eval 254,0]} f5 $2 {[%eval 413,0]
Mistake. Qe7 was best.} (31... Qe7 32. e5 g6 33. Rd6 Kg7 34. Qd4 Qa7 35. Qc5
Ra8 36. c7 Qb7+ 37. f3 Ra3 38. Nd3) 32. exf5 {[%eval 387,0]} Nd5 {[%eval 433,0]
} 33. Nxd5 {[%eval 419,0]} exd5 {[%eval 409,0]} 34. Rxd5 {[%eval 398,0]} Qxc6 {
[%eval 392,0]} 35. Qxc6 {[%eval 386,0]} Rxc6 {[%eval 375,0]} 36. h3 {[%eval
394,0]} Rc3 {[%eval 385,0]} 37. Rd7 {[%eval 306,0]} h5 {[%eval 416,0]} 38. f6 {
[%eval 439,0]} g6 {[%eval 547,0]} 39. Rg7+ {[%eval 544,0]} Kf8 {[%eval 504,0]}
40. Rxg6 {[%eval 537,0]} Kf7 {[%eval 537,0]} 41. Rg5 {[%eval 555,0]} h4 {
[%eval 552,0]} 42. g4 {[%eval 551,0]} Kxf6 {[%eval 504,0]} 43. Rh5 {[%eval 504,
0]} Kg6 {[%eval 567,0]} 44. Rxh4 {[%eval 563,0]} Kg5 {[%eval 559,0]} 45. Rh5+ {
[%eval 556,0]} Kg6 {[%eval 546,0]} 46. Re5 {[%eval 505,0]} Kf6 {[%eval 603,0]}
47. Re3 {[%eval 573,0]} Rc4 {[%eval 589,0]} 48. Kg3 {[%eval 582,0]} Kg6 {
[%eval 577,0]} 49. h4 {[%eval 575,0]} Ra4 {[%eval 571,0]} 50. f3 {[%eval 567,0]
} Rb4 {[%eval 582,0]} 51. Re6+ {[%eval 705,0]} Kf7 {[%eval 687,0]} 52. Re4 {
[%eval 667,0]} Rb5 {[%eval 743,0]} 53. g5 {[%eval 697,0]} Ra5 {[%eval 809,0]}
54. Kg4 {[%eval 752,0]} Ra7 {[%eval 775,0]} 55. f4 {[%eval 728,0]} Kg7 {
[%eval 657,0]} 56. h5 {[%eval 655,0]} Rb7 $4 {[%eval 32738,0] Checkmate is now
unavoidable. Kf7 was best.} (56... Kf7 57. h6 Ra2 58. Rb4 Rd2 59. Rb6 Rh2 60.
g6+ Ke7 61. h7 Rg2+ 62. Kf5 Rg1 63. Re6+) 57. h6+ {[%eval 1125,0]} Kg6 $6 {
[%eval 32750,0] Checkmate is now unavoidable. Kf8 was best.} (57... Kf8 58. g6
Rb1 59. Kg5 Rh1 60. f5 Rh2 61. Kf6 Rxh6 62. Re6 Rh7 63. Re8+ Kxe8 64. gxh7) 58.
f5+ {[%eval 32752,0]} Kh7 {[%eval 32752,0]} 59. Kh5 {[%eval 32754,0]} Kg8 {
[%eval 32754,0]} 60. g6 {[%eval 32756,0]} Rb8 {[%eval 32756,0]} 61. Kg5 Ra8 62.
h7+ Kh8 63. Kh6 1-0